[Event "Merida Torre Memorial 34th"]
[Site "Merida"]
[Date "2024.12.17"]
[Round "8"]
[White "Morales Garcia, Sergio Joshafatt"]
[Black "Ramos Silvera, Roberto Alejandro"]
[Result "1/2-1/2"]
[WhiteElo "2197"]
[BlackElo "2372"]
[PlyCount "74"]
[EventDate "2024.12.13"]
[EventType "swiss"]
[EventRounds "9"]
[EventCountry "MEX"]
[SourceTitle "CB52_2024"]
[SourceDate "2024.12.25"]
[SourceVersion "1"]
[SourceVersionDate "2024.12.25"]
[SourceQuality "1"]

1. d4 Nf6 2. c4 e6 3. Nf3 Bb4+ 4. Nbd2 d5 5. a3 Be7 6. g3 0-0 7. Bg2 a5 8. 0-0 Nbd7 9. Qc2 c6 10. e4 b6 11. b3 Bb7 12. Bb2 dxe4 13. Nxe4 c5 14. Nxf6+ Nxf6 15. Rad1 Qc7 16. dxc5 bxc5 17. Ng5 h6 18. Bxb7 Qxb7 19. Bxf6 hxg5 20. Bxe7 Qxe7 21. Rd3 Rfd8 22. Rfd1 Qf6 23. Rxd8+ Rxd8 24. Rxd8+ Qxd8 25. Qc3 g4 26. Kg2 Qa8+ 27. Kg1 Qd8 28. Kg2 Qc7 29. h3 Qb7+ 30. Kh2 gxh3 31. f3 e5 32. Kxh3 e4 33. fxe4 Qxe4 34. Qxa5 Qh1+ 35. Kg4 Qe4+ 36. Kh3 Qh1+ 37. Kg4 Qe4+ 1/2-1/2

[Event "Merida Torre Memorial 34th"]
[Site "Merida"]
[Date "2024.12.16"]
[Round "5"]
[White "Ramirez Tapia, Jonathan Ed"]
[Black "Morales Garcia, Sergio Joshafatt"]
[Result "0-1"]
[WhiteElo "1971"]
[BlackElo "2197"]
[PlyCount "107"]
[EventDate "2024.12.13"]
[EventType "swiss"]
[EventRounds "9"]
[EventCountry "MEX"]
[SourceTitle "CB52_2024"]
[SourceDate "2024.12.25"]
[SourceVersion "1"]
[SourceVersionDate "2024.12.25"]
[SourceQuality "1"]

1. c4 Nf6 2. Nc3 e6 3. d4 d5 4. e3 Be7 5. Nf3 0-0 6. Bd3 b6 7. 0-0 Bb7 8. Re1 c5 9. b3 cxd4 10. exd4 Nc6 11. Bb2 dxc4 12. bxc4 Rc8 13. Qe2 Nb4 14. Bb1 Bxf3 15. Qxf3 Rxc4 16. a3 Nbd5 17. Ba2 Rc7 18. Nxd5 Nxd5 19. Rad1 Bf6 20. Qe4 Qd6 21. h4 Rfc8 22. Bb1 g6 23. h5 Qf4 24. Qd3 Qg5 25. hxg6 hxg6 26. Qf3 Kg7 27. g3 Nc3 28. Bxc3 Rxc3 29. Re3 Rc1 30. Kg2 Rxd1 31. Qxd1 Qd5+ 32. Be4 Qxd4 33. Qxd4 Bxd4 34. Rd3 Rc4 35. f3 Bc5 36. Rd7 Ra4 37. Bc6 Rxa3 38. Rb7 Kf6 39. Be8 Ke5 40. Bxf7 g5 41. Rb8 Kf6 42. Be8 a5 43. Bc6 a4 44. Kh3 Ra1 45. Ra8 a3 46. Kg4 Rb1 47. Be8 b5 48. Ra6 b4 49. Bd7 Re1 50. Bc6 b3 51. f4 gxf4 52. Kxf4 a2 53. g4 a1Q 54. g5+ 0-1

[Event "Merida Torre Memorial 34th"]
[Site "Merida"]
[Date "2024.12.14"]
[Round "3"]
[White "Morales Garcia, Sergio Joshafatt"]
[Black "Diaz Perez, Michel Alejandro"]
[Result "1/2-1/2"]
[WhiteElo "2197"]
[BlackElo "2484"]
[PlyCount "129"]
[EventDate "2024.12.13"]
[EventType "swiss"]
[EventRounds "9"]
[EventCountry "MEX"]
[SourceTitle "CB52_2024"]
[SourceDate "2024.12.25"]
[SourceVersion "1"]
[SourceVersionDate "2024.12.25"]
[SourceQuality "1"]

1. d4 Nf6 2. c4 e6 3. Nf3 d5 4. Nc3 Nbd7 5. Bg5 Bb4 6. e3 0-0 7. Qc2 c5 8. cxd5 exd5 9. Bd3 Qa5 10. 0-0 c4 11. Bf5 Re8 12. Rfb1 h6 13. Bh4 Be7 14. h3 a6 15. b3 Nf8 16. Bxf6 Bxf6 17. b4 Qd8 18. Bxc8 Rxc8 19. Qf5 g6 20. Qxd5 Qe7 21. Qa5 Qe6 22. b5 Bd8 23. Qa4 a5 24. b6 Bxb6 25. Qb5 Nd7 26. Ne5 Nxe5 27. Qxb6 Nc6 28. d5 Qe5 29. dxc6 Qxc3 30. cxb7 Rb8 31. Rc1 Qb4 32. Qxb4 axb4 33. Rxc4 Rxb7 34. Rb1 Ra8 35. Rbxb4 Rxb4 36. Rxb4 Rxa2 37. g4 Ra5 38. h4 h5 39. g5 Rc5 40. Kg2 Ra5 41. Kg3 Kg7 42. Re4 Rb5 43. Re8 Rb4 44. f3 Rb2 45. f4 Re2 46. Re5 Re1 47. Kg2 Re2+ 48. Kf3 Rh2 49. Kg3 Re2 50. Re8 Re1 51. Re7 Kf8 52. Re5 Kg7 53. Re8 Re2 54. e4 Re1 55. Kg2 Re3 56. e5 Re1 57. Rd8 Re3 58. Rd2 Kf8 59. Rd7 Ke8 60. Ra7 Kf8 61. Rb7 Re1 62. Rc7 Re3 63. Ra7 Re1 64. Rb7 Re3 65. Ra7 1/2-1/2

[Event "Mexico City Revolucion op"]
[Site "Mexico City"]
[Date "2024.11.17"]
[Round "7"]
[White "Paz Valera, Luis Carlos"]
[Black "Morales Garcia, Sergio Joshafatt"]
[Result "1-0"]
[WhiteElo "2105"]
[BlackElo "2215"]
[PlyCount "41"]
[EventDate "2024.11.13"]
[EventType "swiss"]
[EventRounds "9"]
[EventCountry "MEX"]
[SourceTitle "CB47_2024"]
[SourceDate "2024.11.20"]
[SourceVersion "1"]
[SourceVersionDate "2024.11.20"]
[SourceQuality "1"]

1. d4 Nf6 2. c4 e6 3. Nf3 d5 4. Bg5 Bb4+ 5. Nbd2 dxc4 6. e4 b5 7. e5 h6 8. exf6 hxg5 9. fxg7 Rg8 10. Qc2 Rxg7 11. 0-0-0 g4 12. Ne5 Qxd4 13. Nexc4 Qxf2 14. Qe4 c6 15. Qe5 f6 16. Qh5+ Rf7 17. Bd3 Qc5 18. Qxg4 bxc4 19. Bg6 Qg5 20. Qxg5 fxg5 21. Rhf1 1-0

[Event "Mexico City Revolucion op"]
[Site "Mexico City"]
[Date "2024.11.16"]
[Round "5"]
[White "Mihajlov, Sebastian"]
[Black "Morales Garcia, Sergio Joshafatt"]
[Result "1-0"]
[WhiteElo "2354"]
[BlackElo "2215"]
[PlyCount "73"]
[EventDate "2024.11.13"]
[EventType "swiss"]
[EventRounds "9"]
[EventCountry "MEX"]
[SourceTitle "CB47_2024"]
[SourceDate "2024.11.20"]
[SourceVersion "1"]
[SourceVersionDate "2024.11.20"]
[SourceQuality "1"]

1. e4 c5 2. Nf3 e6 3. d4 cxd4 4. Nxd4 Nc6 5. Nc3 Qc7 6. Be3 a6 7. Qf3 Nf6 8. 0-0-0 Ne5 9. Qg3 b5 10. f4 Neg4 11. Bd2 b4 12. Na4 h5 13. Bd3 Bb7 14. h3 Nh6 15. Rhe1 Be7 16. e5 Nd5 17. Qxg7 0-0-0 18. Qg3 Qa5 19. b3 f5 20. exf6 Bxf6 21. Qf2 Nb6 22. Nc6 Bxc6 23. Nxb6+ Kb8 24. a4 Rhg8 25. Nc4 Qc7 26. Bxb4 Rxg2 27. Qe3 Nf7 28. Ba5 Qb7 29. Bxd8 Nxd8 30. Ne5 h4 31. Be4 Bxe4 32. Qxe4 Qxe4 33. Nxd7+ Kc7 34. Rxe4 Be7 35. Ne5 Ba3+ 36. Kb1 Nb7 37. Rd7+ 1-0

[Event "Mexico City Revolucion op"]
[Site "Mexico City"]
[Date "2024.11.16"]
[Round "6"]
[White "Morales Garcia, Sergio Joshafatt"]
[Black "Alvarado Rubio, Matias Uziel"]
[Result "1/2-1/2"]
[WhiteElo "2215"]
[BlackElo "1940"]
[PlyCount "62"]
[EventDate "2024.11.13"]
[EventType "swiss"]
[EventRounds "9"]
[EventCountry "MEX"]
[SourceTitle "CB47_2024"]
[SourceDate "2024.11.20"]
[SourceVersion "1"]
[SourceVersionDate "2024.11.20"]
[SourceQuality "1"]

1. d4 Nf6 2. c4 g6 3. Nc3 Bg7 4. e4 d6 5. Nf3 0-0 6. Be2 e5 7. Be3 exd4 8. Nxd4 c6 9. f3 Re8 10. Bf2 d5 11. exd5 cxd5 12. 0-0 Nc6 13. c5 Bf8 14. Nb3 d4 15. Nb5 a5 16. Rc1 Bh6 17. Nd6 Bxc1 18. Nxe8 Bxb2 19. Nd6 b6 20. Nxd4 Nxd4 21. Bxd4 Bxd4+ 22. Qxd4 bxc5 23. Qxc5 Be6 24. a4 Qf8 25. Rd1 Rd8 26. Nb7 Rxd1+ 27. Bxd1 Qxc5+ 28. Nxc5 Kf8 29. Kf2 Nd5 30. Nb7 Ke7 31. Bb3 Nb6 1/2-1/2

[Event "MEX-ch"]
[Site "Pachuca"]
[Date "2024.05.18"]
[Round "7"]
[White "Morales Garcia, Sergio Joshafatt"]
[Black "Herrera Ortiz, Miguel"]
[Result "0-1"]
[WhiteElo "2249"]
[BlackElo "2140"]
[PlyCount "98"]
[EventDate "2024.05.14"]
[EventType "swiss"]
[EventRounds "9"]
[EventCountry "MEX"]
[SourceTitle "CBM 220 Extra"]
[Source "ChessBase"]
[SourceDate "2024.07.31"]
[SourceVersion "1"]
[SourceVersionDate "2024.07.31"]
[SourceQuality "1"]

1. d4 e6 2. c4 f5 3. Nf3 Nf6 4. Nc3 Bb4 5. Bd2 b6 6. g3 Bb7 7. Bg2 Qe7 8. 0-0 0-0 9. Rc1 d6 10. d5 Bxc3 11. Bxc3 e5 12. Ng5 Bc8 13. b4 e4 14. Qd2 h6 15. Nh3 Kh7 16. Bxf6 Rxf6 17. f3 a5 18. c5 axb4 19. cxb6 Na6 20. bxc7 exf3 21. Bxf3 Nc5 22. Nf4 Qxc7 23. Nd3 Qa7 24. Nxc5 dxc5 25. Qe3 Bd7 26. Qxc5 Qxc5+ 27. Rxc5 Rxa2 28. Rc7 Rb6 29. d6 Rxd6 30. Rb7 Rb2 31. Rc1 b3 32. Rcc7 Rc2 33. Kf2 Rxc7 34. Rxc7 Be6 35. Rb7 Rd2 36. Ke3 Rc2 37. Kd3 Bc4+ 38. Kd4 b2 39. Rxb2 Rxb2 40. Kxc4 Rd2 41. Kc3 Rd8 42. Kc4 Kg6 43. Bd5 Kg5 44. h3 f4 45. gxf4+ Kxf4 46. e4 g5 47. Kd3 Kg3 48. Kd4 Kxh3 49. e5 g4 0-1

[Event "MEX-ch"]
[Site "Pachuca"]
[Date "2024.05.18"]
[Round "8"]
[White "Ruiz Perez, Juan Octavio"]
[Black "Morales Garcia, Sergio Joshafatt"]
[Result "0-1"]
[WhiteElo "2063"]
[BlackElo "2249"]
[PlyCount "104"]
[EventDate "2024.05.14"]
[EventType "swiss"]
[EventRounds "9"]
[EventCountry "MEX"]
[SourceTitle "CBM 220 Extra"]
[Source "ChessBase"]
[SourceDate "2024.07.31"]
[SourceVersion "1"]
[SourceVersionDate "2024.07.31"]
[SourceQuality "1"]

1. d4 d5 2. c4 c6 3. Nc3 Nf6 4. Nf3 e6 5. Bg5 h6 6. Bh4 dxc4 7. e4 g5 8. Bg3 b5 9. Be2 Bb7 10. 0-0 Nbd7 11. Ne5 h5 12. Nxd7 Qxd7 13. Qc1 Rg8 14. Qe3 h4 15. Be5 Qe7 16. Bxf6 Qxf6 17. d5 Bd6 18. Rad1 Qf4 19. Qh3 0-0-0 20. dxe6 fxe6 21. Qxe6+ Kb8 22. g3 Qe5 23. Qxe5 Bxe5 24. Rxd8+ Rxd8 25. Rd1 Rxd1+ 26. Nxd1 hxg3 27. hxg3 Kc7 28. Kf1 Kd6 29. Ke1 c5 30. Bf3 Bc8 31. Be2 Bb7 32. Bf3 Bc6 33. Bg2 g4 34. Kd2 Bd7 35. Bf1 Bd4 36. Ne3 Ke5 37. Be2 Kxe4 38. Nxg4 Bxb2 39. Ne3 c3+ 40. Kc2 Kd4 41. g4 Bc6 42. Bd3 c4 43. Bh7 b4 44. g5 a5 45. Nd1 Ba4+ 46. Kb1 Bxd1 47. g6 Bh5 48. g7 Bf7 49. g8Q Bxg8 50. Bxg8 a4 51. f4 b3 52. axb3 cxb3 0-1

[Event "MEX-ch"]
[Site "Pachuca"]
[Date "2024.05.16"]
[Round "4"]
[White "Morales Garcia, Sergio Joshafatt"]
[Black "Sanchez Enriquez, Oscar Gerardo"]
[Result "0-1"]
[WhiteElo "2249"]
[BlackElo "2309"]
[PlyCount "70"]
[EventDate "2024.05.14"]
[EventType "swiss"]
[EventRounds "9"]
[EventCountry "MEX"]
[SourceTitle "CBM 220 Extra"]
[Source "ChessBase"]
[SourceDate "2024.07.31"]
[SourceVersion "1"]
[SourceVersionDate "2024.07.31"]
[SourceQuality "1"]

1. d4 Nf6 2. c4 g6 3. Nc3 Bg7 4. e4 d6 5. Nf3 0-0 6. Be2 e5 7. Be3 exd4 8. Nxd4 Re8 9. f3 c6 10. Bf2 d5 11. exd5 cxd5 12. c5 Nbd7 13. Ndb5 Bf8 14. Nd6 Re6 15. Ncb5 Nxc5 16. Bxc5 a6 17. Nxb7 Bxb7 18. Bxf8 axb5 19. Bc5 Qe8 20. Kf2 d4 21. Re1 Rd8 22. Qd3 Re3 23. Qxb5 Qe5 24. Bf1 Rxf3+ 25. Kg1 Re3 26. Bb4 Bd5 27. h3 Rb8 28. Qc5 Ne4 29. Rxe3 dxe3 30. Bc3 Nxc3 31. Qxc3 Qf4 32. Re1 Re8 33. Re2 Bc4 34. Qb4 Re4 35. g3 Qxf1+ 0-1

[Event "Titled Tuesday intern op 07th May Late"]
[Site "Chess.com INT"]
[Date "2024.05.07"]
[Round "3"]
[White "Barp, Alberto"]
[Black "Morales Garcia, Sergio Joshafatt"]
[Result "0-1"]
[WhiteElo "2463"]
[BlackElo "2250"]
[PlyCount "66"]
[EventDate "2024.05.07"]
[EventType "swiss (blitz)"]
[EventRounds "11"]
[EventCountry "USA"]
[SourceTitle "EXT 2025"]
[Source "ChessBase"]
[SourceDate "2024.10.14"]
[SourceVersion "1"]
[SourceVersionDate "2024.10.14"]
[SourceQuality "1"]

1. Nf3 c5 2. g3 Nc6 3. Bg2 g6 4. 0-0 Bg7 5. e4 d6 6. h3 e6 7. Re1 Nge7 8. c3 d5 9. e5 d4 10. cxd4 Nxd4 11. Nc3 Nec6 12. Nxd4 cxd4 13. Bxc6+ bxc6 14. Ne4 Bxe5 15. d3 0-0 16. Qc2 Qc7 17. Bh6 Re8 18. Qc5 f5 19. Bf4 fxe4 20. Bxe5 Qb6 21. Qc1 e3 22. fxe3 dxe3 23. d4 c5 24. Qxe3 Bb7 25. Qh6 Re7 26. Re2 Qc6 27. Kh2 Rf8 28. Rd1 Qf3 29. Qd2 Rf5 30. dxc5 Bc6 31. Bd4 Rh5 32. Rf2 Rxh3+ 33. Kxh3 Qh5# 0-1

[Event "Titled Tuesday intern op 07th May Late"]
[Site "Chess.com INT"]
[Date "2024.05.07"]
[Round "6"]
[White "Marino Bravo, Miguel Angel"]
[Black "Morales Garcia, Sergio Joshafatt"]
[Result "0-1"]
[WhiteElo "2127"]
[BlackElo "2250"]
[PlyCount "50"]
[EventDate "2024.05.07"]
[EventType "swiss (blitz)"]
[EventRounds "11"]
[EventCountry "USA"]
[SourceTitle "EXT 2025"]
[Source "ChessBase"]
[SourceDate "2024.10.14"]
[SourceVersion "1"]
[SourceVersionDate "2024.10.14"]
[SourceQuality "1"]

1. d4 d5 2. Bf4 Nf6 3. e3 c5 4. Nc3 a6 5. dxc5 Qa5 6. a3 Qxc5 7. Nf3 Nc6 8. Be2 e6 9. h3 Be7 10. 0-0 0-0 11. Ne5 Nxe5 12. Bxe5 Nd7 13. Bg3 Bf6 14. Na4 Qc6 15. c3 b5 16. Bd3 bxa4 17. f4 Nc5 18. Bc2 Rb8 19. Rb1 Ne4 20. Bh2 Bd7 21. f5 e5 22. g4 Rb7 23. Qe2 Rfb8 24. Qg2 Rxb2 25. Bxe4 Rxg2+ 0-1

[Event "Titled Tuesday intern op 07th May Late"]
[Site "Chess.com INT"]
[Date "2024.05.07"]
[Round "4"]
[White "Morales Garcia, Sergio Joshafatt"]
[Black "Ebrahimi Herab, Hamidreza"]
[Result "0-1"]
[WhiteElo "2250"]
[BlackElo "2334"]
[PlyCount "54"]
[EventDate "2024.05.07"]
[EventType "swiss (blitz)"]
[EventRounds "11"]
[EventCountry "USA"]
[SourceTitle "EXT 2025"]
[Source "ChessBase"]
[SourceDate "2024.10.14"]
[SourceVersion "1"]
[SourceVersionDate "2024.10.14"]
[SourceQuality "1"]

1. d4 Nf6 2. c4 g6 3. Nc3 d5 4. Nf3 Bg7 5. e3 0-0 6. cxd5 Nxd5 7. Bc4 Nxc3 8. bxc3 c5 9. 0-0 Nc6 10. h3 Bf5 11. Qe2 cxd4 12. cxd4 Rc8 13. Rd1 Be4 14. Nd2 Bd5 15. Rb1 Na5 16. Bxd5 Qxd5 17. Rb5 Qxa2 18. Bb2 b6 19. Ra1 Qe6 20. d5 Qd7 21. Bxg7 Kxg7 22. e4 Rc2 23. Rb4 Qd6 24. Qd3 Rfc8 25. Qd4+ f6 26. g3 e5 27. dxe6 Rxd2 0-1

[Event "Titled Tuesday intern op 07th May Late"]
[Site "Chess.com INT"]
[Date "2024.05.07"]
[Round "8"]
[White "Morales Garcia, Sergio Joshafatt"]
[Black "Wu, Derek"]
[Result "1-0"]
[WhiteElo "2250"]
[BlackElo "2295"]
[PlyCount "95"]
[EventDate "2024.05.07"]
[EventType "swiss (blitz)"]
[EventRounds "11"]
[EventCountry "USA"]
[SourceTitle "EXT 2025"]
[Source "ChessBase"]
[SourceDate "2024.10.14"]
[SourceVersion "1"]
[SourceVersionDate "2024.10.14"]
[SourceQuality "1"]

1. d4 d5 2. c4 dxc4 3. Nf3 Nf6 4. e3 e6 5. Bxc4 a6 6. 0-0 c5 7. b3 Nc6 8. Bb2 b5 9. Be2 Bb7 10. a4 b4 11. Nbd2 Be7 12. Nc4 0-0 13. a5 Nd5 14. Qd2 Rc8 15. Rfd1 Rc7 16. e4 Nc3 17. Bxc3 bxc3 18. Qxc3 cxd4 19. Nxd4 Qb8 20. Nxc6 Bxc6 21. Qe3 Qb7 22. Ne5 Bxe4 23. Bxa6 Qa8 24. Bf1 Rc2 25. a6 Bc5 26. Rd4 Bd5 27. Nd7 Bxd4 28. Qxd4 Rd8 29. Bd3 Rc7 30. Nb6 Qa7 31. Qh4 f6 32. Qxh7+ Kf8 33. Nxd5 Rxd5 34. Bg6 Rd2 35. Qh8+ Ke7 36. Qxg7+ Kd6 37. Qxf6 Qxa6 38. Re1 Re2 39. Rd1+ Kc6 40. h4 Kb7 41. h5 Qa5 42. Qf3+ Ka7 43. Qxe2 Qg5 44. Qe3+ Qxe3 45. fxe3 Re7 46. h6 Kb6 47. h7 Rxh7 48. Bxh7 1-0

[Event "Titled Tuesday intern op 30th Apr Late"]
[Site "Chess.com INT"]
[Date "2024.04.30"]
[Round "1"]
[White "Dehtiarov, Roman"]
[Black "Morales Garcia, Sergio Joshafatt"]
[Result "0-1"]
[WhiteElo "2319"]
[BlackElo "2249"]
[PlyCount "78"]
[EventDate "2024.04.30"]
[EventType "swiss (blitz)"]
[EventRounds "11"]
[EventCountry "USA"]
[SourceTitle "EXT 2025"]
[Source "ChessBase"]
[SourceDate "2024.10.14"]
[SourceVersion "1"]
[SourceVersionDate "2024.10.14"]
[SourceQuality "1"]

1. e4 c5 2. Nc3 Nc6 3. f4 g6 4. Nf3 Bg7 5. Bb5 Nd4 6. 0-0 a6 7. Bd3 d6 8. Nxd4 cxd4 9. Ne2 Qb6 10. Kh1 Nf6 11. Qe1 0-0 12. h3 e5 13. Qf2 Bd7 14. a4 Bc6 15. Ng3 exf4 16. Qxf4 Nd7 17. b3 Ne5 18. Rb1 Nxd3 19. cxd3 Bxa4 20. Ba3 Bb5 21. Bxd6 Bxd3 22. Bxf8 Rxf8 23. Qf3 Bxf1 24. Rxf1 Be5 25. Ne2 Qe6 26. Nc1 Rc8 27. Nd3 Bg7 28. Nf4 Qf6 29. Qd3 Qc6 30. Nd5 Qe6 31. Qf3 Be5 32. Qd3 Kg7 33. Qf3 Bd6 34. b4 Re8 35. d3 Rf8 36. Kg1 Qe5 37. Rf2 f5 38. Qe2 Qh2+ 39. Kf1 Qh1# 0-1

[Event "Titled Tuesday intern op 30th Apr Late"]
[Site "Chess.com INT"]
[Date "2024.04.30"]
[Round "5"]
[White "Morales Garcia, Sergio Joshafatt"]
[Black "Kozganbayev, Erkin"]
[Result "0-1"]
[WhiteElo "2249"]
[BlackElo "2282"]
[PlyCount "58"]
[EventDate "2024.04.30"]
[EventType "swiss (blitz)"]
[EventRounds "11"]
[EventCountry "USA"]
[SourceTitle "EXT 2025"]
[Source "ChessBase"]
[SourceDate "2024.10.14"]
[SourceVersion "1"]
[SourceVersionDate "2024.10.14"]
[SourceQuality "1"]

1. d4 Nf6 2. c4 e6 3. Nf3 b6 4. g3 Ba6 5. b3 Bb4+ 6. Bd2 Be7 7. Nc3 d5 8. Bg2 c6 9. Ne5 0-0 10. 0-0 Nfd7 11. Nxd7 Nxd7 12. cxd5 cxd5 13. Qc1 Rc8 14. Qb2 Bb4 15. Rfc1 Qe7 16. a3 Bd6 17. e4 dxe4 18. Nxe4 Rxc1+ 19. Rxc1 Bxa3 20. Qa2 Bxc1 21. Bxc1 Bb7 22. Ba3 Qd8 23. Bxf8 Nxf8 24. Qa3 Bxe4 25. Bxe4 Qxd4 26. Bg2 a5 27. h4 Qb4 28. Qb2 a4 29. Bf3 Qxb3 0-1

[Event "Titled Tuesday intern op 30th Apr Late"]
[Site "Chess.com INT"]
[Date "2024.04.30"]
[Round "2"]
[White "Morales Garcia, Sergio Joshafatt"]
[Black "Quintiliano Pinto, Renato Rodrigues"]
[Result "1-0"]
[WhiteElo "2249"]
[BlackElo "2487"]
[PlyCount "55"]
[EventDate "2024.04.30"]
[EventType "swiss (blitz)"]
[EventRounds "11"]
[EventCountry "USA"]
[SourceTitle "EXT 2025"]
[Source "ChessBase"]
[SourceDate "2024.10.14"]
[SourceVersion "1"]
[SourceVersionDate "2024.10.14"]
[SourceQuality "1"]

1. d4 Nf6 2. c4 e6 3. Nf3 Bb4+ 4. Nbd2 0-0 5. a3 Be7 6. e3 d6 7. Bd3 c5 8. b4 a5 9. b5 b6 10. dxc5 dxc5 11. Qc2 Bb7 12. Bb2 Nbd7 13. 0-0-0 Qc7 14. Rhg1 Bd6 15. g4 g6 16. Ne4 Bxe4 17. Bxe4 Rad8 18. h4 Be5 19. Bc6 Bxb2+ 20. Qxb2 Ne8 21. h5 Nb8 22. Bxe8 Rdxe8 23. Ng5 Qb7 24. Qf6 Qe7 25. Ne4 Qxf6 26. Nxf6+ Kg7 27. Nxe8+ Rxe8 28. Rd6 1-0

[Event "Titled Tuesday intern op 30th Apr Late"]
[Site "Chess.com INT"]
[Date "2024.04.30"]
[Round "8"]
[White "Shapiro, Daniel E"]
[Black "Morales Garcia, Sergio Joshafatt"]
[Result "1-0"]
[WhiteElo "2284"]
[BlackElo "2249"]
[PlyCount "51"]
[EventDate "2024.04.30"]
[EventType "swiss (blitz)"]
[EventRounds "11"]
[EventCountry "USA"]
[SourceTitle "EXT 2025"]
[Source "ChessBase"]
[SourceDate "2024.10.14"]
[SourceVersion "1"]
[SourceVersionDate "2024.10.14"]
[SourceQuality "1"]

1. d4 d5 2. c4 c6 3. Nf3 Nf6 4. Qb3 dxc4 5. Qxc4 Bf5 6. Nc3 e6 7. g3 Nbd7 8. Qb3 Qb6 9. Nd2 Qxd4 10. Qxb7 Rb8 11. Qxc6 Bb4 12. Bg2 0-0 13. Nf3 Bxc3+ 14. bxc3 Qd5 15. Nd4 Qa5 16. Nxf5 exf5 17. 0-0 Rfc8 18. Qd6 Qxc3 19. Bf4 Rb6 20. Qd3 Qxd3 21. exd3 Nc5 22. Rfc1 Nfd7 23. d4 g5 24. Be3 Rbc6 25. Bxc6 Rxc6 26. dxc5 1-0

[Event "Titled Tuesday intern op 16th Apr Late"]
[Site "Chess.com INT"]
[Date "2024.04.16"]
[Round "5"]
[White "Floresvillar Gonzalez, Luis Miguel"]
[Black "Morales Garcia, Sergio Joshafatt"]
[Result "0-1"]
[WhiteElo "2019"]
[BlackElo "2249"]
[PlyCount "116"]
[EventDate "2024.04.16"]
[EventType "swiss (blitz)"]
[EventRounds "11"]
[EventCountry "USA"]
[SourceTitle "CBM 219 Extra"]
[Source "ChessBase"]
[SourceDate "2024.05.31"]
[SourceVersion "1"]
[SourceVersionDate "2024.05.31"]
[SourceQuality "1"]

1. d4 d5 2. c3 Nf6 3. Bf4 e6 4. Nd2 c5 5. e3 Bd6 6. Bxd6 Qxd6 7. Bd3 0-0 8. f4 b6 9. Qe2 a5 10. Ngf3 Ba6 11. Bxa6 Nxa6 12. Ne5 Nd7 13. 0-0 f6 14. Nxd7 Qxd7 15. a4 Nb8 16. dxc5 bxc5 17. c4 Nc6 18. cxd5 exd5 19. Qb5 c4 20. e4 Qa7+ 21. Kh1 Nb4 22. exd5 Rfc8 23. Nxc4 Rc5 24. Qb6 Rxc4 25. Qe6+ Qf7 26. f5 Nxd5 27. b3 Qxe6 28. fxe6 Re4 29. Rae1 Rxe1 30. Rxe1 Kf8 31. g4 Ke7 32. Kg2 Rb8 33. Rb1 Kxe6 34. Kf3 Rb4 35. h3 Ke5 36. Re1+ Kd6 37. Rb1 Nb6 38. h4 Ke5 39. Re1+ Kd6 40. Rd1+ Nd5 41. Rb1 g6 42. h5 gxh5 43. gxh5 Rh4 44. Rg1 Rxh5 45. Rg7 Rh3+ 46. Kg4 Rxb3 47. Rxh7 Rb4+ 48. Kf5 Rxa4 49. Ra7 Kc6 50. Ke6 Re4+ 51. Kf5 Re5+ 52. Kg4 Kb5 53. Rf7 a4 54. Rb7+ Nb6 55. Ra7 Kb4 56. Kf4 a3 57. Ra6 Rb5 58. Ke4 Kb3 0-1

[Event "Titled Tuesday intern op 09th Apr Late"]
[Site "Chess.com INT"]
[Date "2024.04.09"]
[Round "3"]
[White "Reyes Zavaleta, Fabian Ricardo"]
[Black "Morales Garcia, Sergio Joshafatt"]
[Result "1-0"]
[WhiteElo "2092"]
[BlackElo "2249"]
[PlyCount "79"]
[EventDate "2024.04.09"]
[EventType "swiss (blitz)"]
[EventRounds "11"]
[EventCountry "USA"]
[SourceTitle "EXT 2025"]
[Source "ChessBase"]
[SourceDate "2024.10.14"]
[SourceVersion "1"]
[SourceVersionDate "2024.10.14"]
[SourceQuality "1"]

1. d4 d5 2. c4 c6 3. cxd5 cxd5 4. Bf4 Nc6 5. Nc3 Nf6 6. e3 Bf5 7. Nf3 e6 8. Ne5 Nxe5 9. dxe5 Nd7 10. e4 dxe4 11. Bb5 a6 12. Bxd7+ Qxd7 13. Qxd7+ Kxd7 14. Na4 Bb4+ 15. Ke2 Rad8 16. Rac1 h6 17. Nb6+ Ke8 18. Rc7 Ba5 19. Rxb7 Bxb6 20. Rxb6 Ke7 21. Rc1 Rd7 22. Rxa6 Rb8 23. b3 g5 24. Be3 Rb5 25. Bc5+ Ke8 26. Bd6 Rdb7 27. Rc8+ Kd7 28. Rac6 Ra5 29. R6c7+ Rxc7 30. Rxc7+ Ke8 31. a4 Ra6 32. Re7+ Kd8 33. Rxf7 e3 34. Kxe3 Bc2 35. Rb7 Rc6 36. a5 Rc3+ 37. Kd2 Rxb3 38. Rxb3 Bxb3 39. g4 Bd5 40. Bf8 1-0

[Event "Titled Tuesday intern op 02nd Apr Late"]
[Site "Chess.com INT"]
[Date "2024.04.02"]
[Round "7"]
[White "Asish, Panda"]
[Black "Morales Garcia, Sergio Joshafatt"]
[Result "1-0"]
[WhiteElo "1884"]
[BlackElo "2249"]
[PlyCount "69"]
[EventDate "2024.04.02"]
[EventType "swiss (blitz)"]
[EventRounds "11"]
[EventCountry "USA"]
[SourceTitle "CBM 219 Extra"]
[Source "ChessBase"]
[SourceDate "2024.05.31"]
[SourceVersion "1"]
[SourceVersionDate "2024.05.31"]
[SourceQuality "1"]

1. e4 c5 2. Nf3 e6 3. g3 d5 4. exd5 exd5 5. d4 Nc6 6. Bg2 Bg4 7. c3 Nf6 8. 0-0 c4 9. Re1+ Be7 10. Nbd2 0-0 11. Nf1 h6 12. Ne3 Be6 13. Ne5 Qc7 14. f4 Rad8 15. Kh1 b5 16. Qf3 Nxe5 17. fxe5 Ne4 18. Nf5 Bg5 19. Bxg5 Nxg5 20. Qf4 Bxf5 21. Qxf5 a5 22. h4 Ne6 23. Rf1 b4 24. g4 Qe7 25. g5 hxg5 26. h5 bxc3 27. bxc3 Rb8 28. Bxd5 Nf4 29. Bf3 g6 30. Qe4 gxh5 31. Rg1 f5 32. Qxf4 g4 33. Bd5+ Kg7 34. Raf1 Rb2 35. Rg2 1-0